| 000 -LEADER |
| fixed length control field |
00637nam a2200217Ia 4500 |
| 001 - CONTROL NUMBER |
| control field |
1431 |
| 003 - CONTROL NUMBER IDENTIFIER |
| control field |
GE_BSU |
| 005 - DATE AND TIME OF LATEST TRANSACTION |
| control field |
20221115103745.0 |
| 008 - FIXED-LENGTH DATA ELEMENTS--GENERAL INFORMATION |
| fixed length control field |
181216s2004||||enk|||||||||||||| ||eng|| |
| 020 ## - INTERNATIONAL STANDARD BOOK NUMBER |
| International Standard Book Number |
1588901599x |
| 040 ## - CATALOGING SOURCE |
| Transcribing agency |
GE_BSU |
| 080 ## - UNIVERSAL DECIMAL CLASSIFICATION NUMBER |
| Universal Decimal Classification number |
611(075.8)(084.4) P-72 |
| 100 ## - MAIN ENTRY--PERSONAL NAME |
| Personal name |
Platzer, M.D. |
| 9 (RLIN) |
15806 |
| 245 ## - TITLE STATEMENT |
| Title |
Color Atlas and Textbook of Human Anatomy in 3 volumes : |
| Remainder of title |
Vol.1.Locomotor System / |
| Statement of responsibility, etc. |
Werner Platzer. |
| 264 ## - PRODUCTION, PUBLICATION, DISTRIBUTION, MANUFACTURE, AND COPYRIGHT NOTICE |
| Date of production, publication, distribution, manufacture, or copyright notice |
2004. |
| 300 ## - PHYSICAL DESCRIPTION |
| Extent |
462 p. |
| 653 ## - INDEX TERM--UNCONTROLLED |
| keyword |
Textbook of Human Anatomy |
| 653 ## - INDEX TERM--UNCONTROLLED |
| keyword |
ადამიანის ანატომია |
| 653 ## - INDEX TERM--UNCONTROLLED |
| keyword |
მედიცინა |
| 942 ## - ADDED ENTRY ELEMENTS (KOHA) |
| Koha item type |
წიგნი |
| Source of classification or shelving scheme |
|